000
00257nam a22001097a 4500
008
170118b xxu||||| |||| 00| 0 eng d
020
_a
9780781791953
041
_a
eng
080
_2
7TH
_a
618.2
245
_a
CRITICAL CARE NURSING
_c
HUDAK, C.M
942
_2
udc
_c
BK
999
_c
3067
_d
3067